01127nam a2200265 i 4500001000700000003000900007005001700016008004100033020001800074080001200092100004400104245019100148250001200339260005100351300003500402504003200437650002100469700005600490700004200546710002800588852008500616942000800701999001900709952013300728189841ES-MaACL20250930063201.0191205s2001 sp a 001 0 spa d a84-605-6417-7 a395:6581 aRueda Cuenca, Fernando, d1958-916903013aEl protocolo en la sociedad y en la empresa / cFernando Rueda Cuenca, José Carlos Sanjuán Monforte ; prólogo, el vizconde del Castillo de Almansa ; ilustraciones, Antonio Mingote. a2ª ed. aMadrid : bUnión Eléctrica Fenosa, c2001. a210 p. : bil. ; c28 x 15 cm. aBibliografía: p. 205-209. aEtiqueta.9125961 aSanjuán Monforte, José Carlos (d1962-)91690321 aMingote, Antonio, d1919-201292407612 aUnión Fenosa.9169033 aES-MaACLjA-146019196985bR.153014cDEPO1dOlim: N-7601hDonación: Editorial  2udc c189841d189841 00102udc4070aATENEOMbATENEOMcDEPO1d2019-12-05eDONACIONl0oA-14601p1201358r2023-02-23 00:00:00w2023-02-23yMONOGRAFIA